000 00488nam a22001817a 4500
003 CEME
005 20210628202506.0
008 210121b xxu||||| |||| 00| 0 eng d
020 _a81-7649-372-4
040 _c.
082 _a658.4092 COH
100 _aCohen , William. A. Maj Gen (R)
_960138
245 _aThe new art of the leader ,leading with integrity and honor
260 _aNEW DELHI
_bVIVA BOOKS
_c2003
300 _aXV,303P
650 _aLEADERSHIP
_9300
942 _cBK
_2ddc
999 _c569946
_d569946